| 000 | 00706nam a2200205 a 4500 | ||
|---|---|---|---|
| 001 | 85027 | ||
| 003 | BD-RjUL | ||
| 005 | 20250622114259.0 | ||
| 008 | 250622s2025 bg ||||| |||| 00| 0 ben d | ||
| 035 | _a(BD-RjUL)85027 | ||
| 040 |
_aBD-RjUL _beng _cBD-RjUL |
||
| 041 | _aben | ||
| 082 |
_223 _a297.09 _bAHL 2025 |
||
| 100 |
_aআহমদ, কাজী কামাল _915687 |
||
| 245 |
_aলালসালুদের শিংগা : _bবিচারদিনের অনুস্মারক / _cকাজী কামাল আহমদ |
||
| 300 |
_a৮০ পৃ.; _c২২ সেমি. |
||
| 650 |
_aইসলাম _xইতিহাস _915706 |
||
| 650 |
_aIslam _xHistory |
||
| 942 |
_2ddc _cBK |
||
| 999 |
_c85027 _d85027 |
||